| 000 | 01132cam a2200349 a 4500 | ||
|---|---|---|---|
| 001 | 13592451 | ||
| 003 | OSt | ||
| 005 | 20180116183100.0 | ||
| 008 | 040430s2003 pk b 000 0 eng | ||
| 010 | _a 2004433082 | ||
| 025 | _aP-E-2004433082; 34 | ||
| 035 | _a(DLC) 2004433082 | ||
| 040 |
_aDLC _cDLC _dDLC |
||
| 042 | _alcode | ||
| 043 | _aa-pk--- | ||
| 050 | 0 | 0 |
_aKPL2772 _bS73 2003 |
| 082 | 0 | 0 |
_a343.54910325 _222 |
| 110 | 1 | _aState Bank of Pakistan. | |
| 245 | 1 | 0 |
_aState Bank of Pakistan foreign exchange manual : _bwith all instructions & upto date . _cby Zia-ul-Islam. |
| 246 | 3 | 0 | _aForeign exchange manual |
| 250 | _a8th. | ||
| 260 |
_aLahore : _bLahore Law Times Publications, _c2002 |
||
| 300 |
_a2 v. in 1 (472 p. ) ; _c24 cm. |
||
| 500 | _aHard Cover | ||
| 504 | _aIncludes bibliographical references. | ||
| 610 | 2 | 0 | _aState Bank of Pakistan. |
| 650 | 0 |
_aForeign exchange _xLaw and legislation _zPakistan. |
|
| 700 | 1 | _aJanjua, Zia-ul-Islam. | |
| 906 |
_a7 _bcbc _corigode _d3 _encip _f20 _gy-gencatlg |
||
| 942 |
_2ddc _cBK _k343.54910325 |
||
| 999 |
_c351954 _d351954 |
||